Table des commentaires de J. Voet sur les Pandectes, analysés dans leurs rapports avec chacun des articles des cinq codes francais
Guardat en:
| Format: | Llibre |
|---|---|
| Idioma: | francès |
| Publicat: |
Bruselas
Librairie Polytechnique
1841
|
| Matèries: | |
| Etiquetes: |
Afegir etiqueta
Sense etiquetes, Sigues el primer a etiquetar aquest registre!
|
MARC
| LEADER | 00000nam a2200000 a 4500 | ||
|---|---|---|---|
| 001 | UCL1068 | ||
| 003 | CL-VaPUC | ||
| 005 | 20210608001357.0 | ||
| 008 | 030829e18410000BE |||||||||||||||||fre|d | ||
| 999 | |c 304750 |d 304748 | ||
| 040 | |c Pontificia Universidad Católica de Valparaíso | ||
| 082 | 0 | 4 | |a 340.54 |b TAB |2 21 |
| 245 | 1 | 0 | |a Table des commentaires de J. Voet sur les Pandectes, analysés dans leurs rapports avec chacun des articles des cinq codes francais |
| 260 | |a Bruselas |b Librairie Polytechnique |c 1841 | ||
| 300 | |a 187 p | ||
| 583 | |a last modification |c 20030829 00:00:00 |k Rodrigo Vera | ||
| 600 | 0 | |a Justiniano I |d 483-565 |9 858631 | |
| 650 | 0 | |a Derecho romano |9 255930 | |
| 650 | 0 | |a Historia del derecho |9 255109 | |
| 852 | |a BIBCUR | ||
| 942 | |c BK |2 ddc | ||
| 945 | |d 20030829 00:00:00 |a cmena | ||
| 952 | |0 0 |1 0 |4 0 |6 340_540000000000000_TAB_1841 |7 0 |8 DER_HIS |9 367463 |a BIBDER |b BIBDER |d 2019-11-21 |i 2080001 |o 340.54 TAB 1841 |p 2080001 |r 2023-01-25 |w 2019-11-21 |x Ubicación 4to Piso |y BK_X |z Estos recursos deben solicitarse con anticipación |k DER | ||